Յետջրհեղեղեան օրերն Արարատեան երկրում (ըստ հին աղբիւրների): (Record no. 65665)
[ view plain ]
| 000 -LEADER | |
|---|---|
| fixed length control field | 01776nam a22002657a 4500 |
| 003 - CONTROL NUMBER IDENTIFIER | |
| control field | SEM |
| 005 - DATE AND TIME OF LATEST TRANSACTION | |
| control field | 20220608073510.0 |
| 008 - FIXED-LENGTH DATA ELEMENTS--GENERAL INFORMATION | |
| fixed length control field | 161111b xxu||||| |||| 00| 0 arm |
| 020 ## - INTERNATIONAL STANDARD BOOK NUMBER | |
| International Standard Book Number | 9789939853215 |
| 040 ## - CATALOGING SOURCE | |
| Original cataloging agency | |
| Transcribing agency | |
| 041 0# - LANGUAGE CODE | |
| Language code of text/sound track or separate title | arm. |
| 245 00 - TITLE STATEMENT | |
| Title | Յետջրհեղեղեան օրերն Արարատեան երկրում (ըստ հին աղբիւրների): |
| Remainder of title | Գրքեր Ծննդոց, Յոբելենից կամ Փոքր Ծննդոց, Նոյեան պտոյտները դէպի Եւրոպա: / |
| Statement of responsibility, etc. | Բերոսոս Քաղդէացի, Աբիւդէնոս, Ալեքսանդր Բազմավէպ, Նիկողայոս Դամասկացի, Յովսեպոս Փլաւիոս; Կազմ., ծանոթ.` Գ. Մադոյեան; Խմբ.` Ս. Հնձացեան |
| 246 ## - VARYING FORM OF TITLE | |
| Title proper/short title | [Հետջրհեղեղյան օրերն Արարատյան երկրում (ըստ հին աղբյուրների): |
| Remainder of title | Գրքեր. Ծննդոց Հոբելենից կամ Փոքր Ծննդոց Նոյյան պտույտները դեպի Եվրոպա: ] |
| 260 ## - PUBLICATION, DISTRIBUTION, ETC. | |
| Place of publication, distribution, etc. | Երևան: |
| Name of publisher, distributor, etc. | Արագածոտնի թեմ, |
| Date of publication, distribution, etc. | 2016. |
| 300 ## - PHYSICAL DESCRIPTION | |
| Extent | 65 էջ; |
| Other physical details | նկ.; |
| Dimensions | 15 սմ. |
| 650 ## - SUBJECT ADDED ENTRY--TOPICAL TERM | |
| Topical term or geographic name entry element | Հայաստան |
| General subdivision | աղբյուրագիտություն |
| 700 1# - ADDED ENTRY--PERSONAL NAME | |
| Personal name | Բերոսոս Քաղդէացի |
| Fuller form of name | (Բերոսոս Քաղդեացի) |
| 700 1# - ADDED ENTRY--PERSONAL NAME | |
| Personal name | Աբիւդէնոս |
| Fuller form of name | (Աբյուդենոս) |
| 700 1# - ADDED ENTRY--PERSONAL NAME | |
| Personal name | Ալեքսանդր Բազմավէպ |
| Fuller form of name | (Ալեքսանդր Բազմավեպ) |
| 700 1# - ADDED ENTRY--PERSONAL NAME | |
| Personal name | Նիկողայոս Դամասկացի |
| 700 1# - ADDED ENTRY--PERSONAL NAME | |
| Personal name | Յովսեպոս Փլաւիոս |
| Fuller form of name | (Հովսեփոս Փլավիոս) |
| 700 1# - ADDED ENTRY--PERSONAL NAME | |
| Personal name | Մադոյեան Գէորգ |
| Relationship | կազմ. |
| -- | ծանոթ. |
| Relator term | comp. |
| Fuller form of name | (Մադոյան Գևորգ) |
| 700 1# - ADDED ENTRY--PERSONAL NAME | |
| Personal name | Հնձացեան Սիրանոյշ |
| Relationship | խմբ. |
| Relator term | edt. |
| Fuller form of name | (Հնձացյան Սիրանույշ) |
| 942 ## - ADDED ENTRY ELEMENTS (KOHA) | |
| Source of classification or shelving scheme | Universal Decimal Classification |
| Koha item type | Գրքեր/Books |
| Withdrawn status | Lost status | Source of classification or shelving scheme | Damaged status | Not for loan | Collection code | Home library | Current library | Date acquired | Inventory number | Total Checkouts | Full call number | Barcode | Date last seen | Price effective from | Koha item type | Public note |
|---|---|---|---|---|---|---|---|---|---|---|---|---|---|---|---|---|
| Universal Decimal Classification | Գրապահոց | Մայր Աթոռ Սուրբ Էջմիածին «Վաչե և Թամար Մանուկյան» Մատենադարան | Մայր Աթոռ Սուրբ Էջմիածին «Վաչե և Թամար Մանուկյան» Մատենադարան | 11/11/2016 | 26157 | 947.925(093.1)/Հ-55 | 26157 | 11/11/2016 | 08/06/2022 | Գրքեր/Books | Սպասարկվում է ընթերցասրահ | |||||
| Universal Decimal Classification | Գրապահոց | Մայր Աթոռ Սուրբ Էջմիածին «Վաչե և Թամար Մանուկյան» Մատենադարան | Մայր Աթոռ Սուրբ Էջմիածին «Վաչե և Թամար Մանուկյան» Մատենադարան | 11/11/2016 | 26158 | 947.925(093.1)/Հ-55 | 26158 | 11/11/2016 | 08/06/2022 | Գրքեր/Books | Սպասարկվում է 30 օր | |||||
| Universal Decimal Classification | Գրապահոց | Մայր Աթոռ Սուրբ Էջմիածին «Վաչե և Թամար Մանուկյան» Մատենադարան | Մայր Աթոռ Սուրբ Էջմիածին «Վաչե և Թամար Մանուկյան» Մատենադարան | 11/11/2016 | 26159 | 947.925(093.1)/Հ-55 | 26159 | 11/11/2016 | 08/06/2022 | Գրքեր/Books | Սպասարկվում է 30 օր | |||||
| Universal Decimal Classification | Գրապահոց | Մայր Աթոռ Սուրբ Էջմիածին «Վաչե և Թամար Մանուկյան» Մատենադարան | Մայր Աթոռ Սուրբ Էջմիածին «Վաչե և Թամար Մանուկյան» Մատենադարան | 11/11/2016 | 26160 | 947.925(093.1)/Հ-55 | 26160 | 11/11/2016 | 08/06/2022 | Գրքեր/Books | Սպասարկվում է 30 օր |